| 000 | 00521nam a22001937a 4500 | ||
|---|---|---|---|
| 005 | 20260515115118.0 | ||
| 008 | 250919b |||||||| |||| 00| 0 eng d | ||
| 020 | _a9789391931599 | ||
| 040 |
_aIN-DiNC _cIN-DiNC |
||
| 041 | _dasm | ||
| 082 |
_a050.954 _bBHA |
||
| 245 |
_aBharat yearbook 2025/ _ced. by Shantanu Kaushik Baruah |
||
| 250 | _a1st ed. | ||
| 260 |
_aGuwahati: _bJyoti prakashan, _c2024. |
||
| 300 | _a1550p. | ||
| 650 | _aIndia yearbook | ||
| 700 |
_aBaruah, Shantanu Kaushik _eEditor |
||
| 942 |
_2ddc _cBK |
||
| 999 |
_c12259 _d12259 |
||